00800nam a2200217Ii 45000010005000000030009000050080041000140400033000550410008000880820016000961100044001122450066001562640058002223000012002803360026002923370028003183380027003469400050003739990017004239520142004404928CO-ViMGA241108s9999||||xx |||||||||||||| ||und|| aCO-ViMGAbspaerdacCO-ViMGA0 aunk04a658.04-S4741 aServicio Nacional de Aprendizaje95279710aEspecialización en administración contabilidad y finanzas 1a[Lugar de publicación no identificado] : SENA, 1978 avolumen atextbtxt2rdacontent aunmediatedbn2rdamedia avolumebnc2rdacarrier aidficha_siabuc: 4800. -- ficha_no_siabuc:4928 c56149d56149 001040708001aMEVIGERRbMEVIGERRcGENd2006-11-27hVol.1o658.04-S474pECA3921r2024-11-26 10:52:08tEj.1w2024-11-26yBKz4800 | 6889